| 000 | 00562nam a2200193 i 4500 | ||
|---|---|---|---|
| 001 | 71568 | ||
| 003 | ES-MaACL | ||
| 005 | 20230906171151.0 | ||
| 007 | t| | ||
| 008 | 040812s1916 fr ||||1| fre d | ||
| 100 | 1 |
_aGeoffroy de Grandmaison, Charles Alexandre. _9127286 |
|
| 245 | 1 | 4 |
_aLes aumôniers militaires / _cGeoffroy de Grandmaison. |
| 260 |
_aParís : _bBloud et Gay, _c1916. |
||
| 300 |
_a64 p. ; _c19 cm. |
||
| 490 | 1 |
_aPages actuelles ; _v47 |
|
| 830 | 0 |
_aPages actuelles ; _v47 _9186476 |
|
| 852 |
_aES-MaACL _j1547-F-9 |
||
| 999 |
_c71568 _d71568 |
||